[Event "MCRE_PF12"]
[Site "?"]
[Date "2003.??.??"]
[Round "?"]
[White "Mikoska, Josef"]
[Black "Hlavacek, Ladislav"]
[Result "1/2-1/2"]
[WhiteElo "2210"]
[BlackElo "2085"]
[PlyCount "55"]
[EventDate "2003.??.??"]
[EventType "corr"]

1. e4 e5 2. Nf3 Nc6 3. Bb5 a6 4. Ba4 Nf6 5. O-O Nxe4 6. Re1 Nc5 7. Nc3 Nxa4 8.
Nxe5 Be7 9. Nd5 Kf8 10. Nxc6 dxc6 11. Nxe7 Be6 12. b3 Qxe7 13. bxa4 Qf6 14. Qh5
Kg8 15. Rb1 b5 16. a3 Qg6 17. Qxg6 hxg6 18. d3 Rh4 19. f4 Re8 20. Re2 f6 21.
Bd2 Kf7 22. Rbe1 Rhh8 23. h3 c5 24. Kf2 Bd5 25. Be3 c4 26. Bc5 Rxe2+ 27. Rxe2
Re8 28. Rxe8 1/2-1/2

[Event "MCRE_PF12"]
[Site "?"]
[Date "2003.??.??"]
[Round "?"]
[White "Rotter, Walter"]
[Black "Hrubcik, Martin"]
[Result "0-1"]
[WhiteElo "2120"]
[BlackElo "2000"]
[PlyCount "42"]
[EventDate "2003.??.??"]
[EventType "corr"]

1. d4 d5 2. c4 Nf6 3. Nf3 c6 4. Nc3 Bf5 5. cxd5 Nxd5 6. e3 e6 7. Be2 Bd6 8. O-O
O-O 9. Bd2 Nd7 10. Rc1 N7b6 11. a3 Qf6 12. a4 Nxc3 13. Bxc3 Nd5 14. Qb3 Rab8
15. Ne5 Qh6 16. Nf3 Be4 17. h3 f5 18. Bd2 f4 19. a5 Rf6 20. Ne5 Bxe5 21. dxe5
Rg6 0-1

[Event "MCRE_PF12"]
[Site "?"]
[Date "2003.??.??"]
[Round "?"]
[White "Kohler, Josef"]
[Black "Hrubcik, Martin"]
[Result "1-0"]
[WhiteElo "2210"]
[BlackElo "2000"]
[PlyCount "39"]
[EventDate "2003.??.??"]
[EventType "corr"]

1. c4 d6 2. g3 g6 3. Nc3 Bg7 4. Bg2 c5 5. Nf3 Nc6 6. O-O Nf6 7. d4 cxd4 8. Nxd4
Bd7 9. Nc2 O-O 10. b3 Qa5 11. Bb2 Rfc8 12. Nd5 Nxd5 13. Bxg7 Nf4 14. gxf4 Kxg7
15. e4 Rd8 16. Qd3 Rac8 17. Rfd1 f5 18. b4 Qa4 19. b5 Na5 20. Qd4+ 1-0

[Event "MCRE_PF12"]
[Site "?"]
[Date "2003.??.??"]
[Round "?"]
[White "Hlavacek, Ladislav"]
[Black "Rotter, Walter"]
[Result "1-0"]
[WhiteElo "2085"]
[BlackElo "2120"]
[PlyCount "57"]
[EventDate "2003.??.??"]
[EventType "corr"]

1. d4 Nf6 2. Nf3 d5 3. e3 e6 4. Bd3 c5 5. O-O Nc6 6. dxc5 Bxc5 7. Nc3 O-O 8. e4
dxe4 9. Nxe4 Nxe4 10. Bxe4 Qc7 11. Qe2 f5 12. Bxc6 bxc6 13. Re1 Bd6 14. b3 a5
15. Bb2 a4 16. Be5 Rd8 17. b4 Ba6 18. c4 Rab8 19. Rad1 Bxe5 20. Qxe5 Qxe5 21.
Nxe5 Rbc8 22. Rxd8+ Rxd8 23. Nxc6 Rd2 24. b5 Bb7 25. Na5 Ba8 26. f3 Kf7 27. a3
Rb2 28. Rd1 Ke7 29. Nc6+ 1-0

[Event "MCRE_PF12"]
[Site "?"]
[Date "2003.??.??"]
[Round "?"]
[White "Kohler, Josef"]
[Black "Ksir, Bohumil"]
[Result "1/2-1/2"]
[WhiteElo "2210"]
[BlackElo "2145"]
[PlyCount "52"]
[EventDate "2003.??.??"]
[EventType "corr"]

1. c4 Nf6 2. Nc3 d5 3. cxd5 Nxd5 4. g3 g6 5. Bg2 Nb6 6. Nf3 Bg7 7. O-O O-O 8.
d4 Nc6 9. e3 Re8 10. d5 Na5 11. Nd4 Bd7 12. b4 Nac4 13. a4 a5 14. b5 Qc8 15.
Re1 e6 16. Ra2 e5 17. Nb3 c6 18. dxc6 bxc6 19. Nc5 Bg4 20. Qb3 cxb5 21. Qxb5
Rb8 22. Rc2 Nd6 23. Qxa5 e4 24. Nb5 Ndc4 25. Qb4 Bf8 26. Ba3 Be6 1/2-1/2

[Event "MCRE_PF12"]
[Site "?"]
[Date "2003.??.??"]
[Round "?"]
[White "Ksir, Bohumil"]
[Black "Kohler, Josef"]
[Result "1/2-1/2"]
[WhiteElo "2145"]
[BlackElo "2210"]
[PlyCount "48"]
[EventDate "2003.??.??"]
[EventType "corr"]

1. e4 c5 2. Nf3 Nc6 3. d4 cxd4 4. Nxd4 Nf6 5. Nc3 d6 6. Bc4 e6 7. Be3 Be7 8.
Bb3 O-O 9. O-O a6 10. f4 Nxd4 11. Bxd4 b5 12. e5 dxe5 13. fxe5 Nd7 14. Ne4 Bb7
15. Nd6 Bxd6 16. exd6 Qg5 17. Rf2 a5 18. c4 a4 19. Bc2 bxc4 20. Bxa4 Rfd8 21.
Bc2 Ra6 22. Qe2 Rxd6 23. Qxc4 Qh4 24. Qc7 Rxd4 1/2-1/2

[Event "MCRE_PF12"]
[Site "?"]
[Date "2003.??.??"]
[Round "?"]
[White "Kubikova, Hana"]
[Black "Rotter, Walter"]
[Result "1-0"]
[WhiteElo "2140"]
[BlackElo "2120"]
[PlyCount "67"]
[EventDate "2003.??.??"]
[EventType "corr"]

1. d4 Nf6 2. c4 e6 3. Nf3 d5 4. Nc3 c6 5. Bg5 dxc4 6. e4 b5 7. e5 h6 8. Bh4 g5
9. Nxg5 hxg5 10. Bxg5 Be7 11. exf6 Bxf6 12. Bxf6 Qxf6 13. g3 a6 14. Bg2 Ra7 15.
Qd2 Rd7 16. O-O-O Qh6 17. Qxh6 Rxh6 18. Ne4 f5 19. Nc5 Rd6 20. b3 cxb3 21. axb3
a5 22. h4 Na6 23. Rd2 Nb4 24. Kd1 Rh7 25. Ke2 Re7 26. f4 Na6 27. h5 Nxc5 28.
dxc5 Rxd2+ 29. Kxd2 Bd7 30. Ke3 Rg7 31. Kf2 Re7 32. Ra1 e5 33. fxe5 Rxe5 34. h6
1-0

[Event "MCRE_PF12"]
[Site "?"]
[Date "2003.??.??"]
[Round "?"]
[White "Rotter, Walter"]
[Black "Hlavacek, Ladislav"]
[Result "0-1"]
[WhiteElo "2120"]
[BlackElo "2085"]
[PlyCount "60"]
[EventDate "2003.??.??"]
[EventType "corr"]

1. d4 Nf6 2. c4 e6 3. Nf3 d5 4. Nc3 Be7 5. e3 O-O 6. Bd3 dxc4 7. Bxc4 c5 8. O-O
cxd4 9. Nxd4 Qc7 10. Qe2 Rd8 11. Ndb5 Qc6 12. Nd4 Qc7 13. Bd2 Nc6 14. Nf3 Ne5
15. Nxe5 Qxe5 16. Rfd1 Bd7 17. f4 Qc5 18. Rac1 Bc6 19. Bb3 Qb6 20. Be1 Bb4 21.
Na4 Bxa4 22. Bxa4 Bxe1 23. Rxe1 Nd5 24. Rc4 Rac8 25. Rd4 Nf6 26. Red1 Rxd4 27.
Rxd4 Rc1+ 28. Kf2 h6 29. h3 Qa5 30. b4 Qxa4 0-1

[Event "MCRE_PF12"]
[Site "?"]
[Date "2003.??.??"]
[Round "?"]
[White "Zatrapa, Petr"]
[Black "Rotter, Walter"]
[Result "1-0"]
[WhiteElo "2280"]
[BlackElo "2120"]
[PlyCount "35"]
[EventDate "2003.??.??"]
[EventType "corr"]

1. e4 e5 2. f4 exf4 3. Bc4 Nf6 4. Nc3 c6 5. d4 Bb4 6. e5 Ne4 7. Kf1 Nxc3 8.
bxc3 Bxc3 9. Ba3 b5 10. Bd6 bxc4 11. Qg4 g5 12. Rb1 Na6 13. Nh3 Bb4 14. Nxg5
Rg8 15. h4 h6 16. Qxf4 Rg7 17. Rxb4 Nxb4 18. Ne4 1-0

[Event "MCRE_PF12"]
[Site "?"]
[Date "2003.??.??"]
[Round "?"]
[White "Hlavacek, Ladislav"]
[Black "Mikoska, Josef"]
[Result "1/2-1/2"]
[WhiteElo "2085"]
[BlackElo "2210"]
[PlyCount "69"]
[EventDate "2003.??.??"]
[EventType "corr"]

1. c4 g6 2. d4 Nf6 3. Nc3 Bg7 4. e4 d6 5. Nf3 O-O 6. Be2 Na6 7. O-O c5 8. e5
Ne8 9. Be3 b6 10. a4 Bb7 11. a5 cxd4 12. Bxd4 Nc5 13. exd6 Nxd6 14. Bxg7 Kxg7
15. b4 Ne6 16. Nd5 Rc8 17. axb6 axb6 18. Ra7 Bxd5 19. cxd5 Nc7 20. Re1 Ra8 21.
Qd4+ Kg8 22. Rxa8 Qxa8 23. Rd1 Qa2 24. Kf1 Rc8 25. Ne5 Ncb5 26. Bxb5 Nxb5 27.
Qxb6 Qb3 28. Re1 Qxd5 29. h3 Nd4 30. Qa5 Qb3 31. Kg1 Rb8 32. Ng4 Nf5 33. Ne5
Qxb4 34. Qxb4 Rxb4 35. Nc6 1/2-1/2

[Event "MCRE_PF12"]
[Site "?"]
[Date "2003.??.??"]
[Round "?"]
[White "Kubikova, Hana"]
[Black "Ksir, Bohumil"]
[Result "1-0"]
[WhiteElo "2140"]
[BlackElo "2145"]
[PlyCount "62"]
[EventDate "2003.??.??"]
[EventType "corr"]

1. d4 Nf6 2. c4 e6 3. Nf3 c5 4. d5 exd5 5. cxd5 d6 6. Nc3 g6 7. g3 Bg7 8. Bg2
O-O 9. O-O a6 10. a4 Nbd7 11. Bf4 Qe7 12. a5 Rb8 13. e4 h6 14. Qc2 b6 15. axb6
Rxb6 16. Rfe1 g5 17. Bd2 Ng4 18. Na4 Rb8 19. Bc3 Nge5 20. Nxe5 Nxe5 21. f4 gxf4
22. gxf4 Ng6 23. Qf2 Qh4 24. Qxh4 Nxh4 25. e5 Rb5 26. exd6 Rd8 27. Re7 Bd4+ 28.
Bxd4 cxd4 29. Rae1 Bf5 30. Re8+ Rxe8 31. Rxe8+ Kh7 1-0

[Event "MCRE_PF12"]
[Site "?"]
[Date "2003.??.??"]
[Round "?"]
[White "Kohler, Josef"]
[Black "Hlavacek, Ladislav"]
[Result "1-0"]
[WhiteElo "2210"]
[BlackElo "2085"]
[PlyCount "77"]
[EventDate "2003.??.??"]
[EventType "corr"]

1. c4 e5 2. Nc3 Nc6 3. Nf3 Nf6 4. g3 d5 5. cxd5 Nxd5 6. Bg2 Nxc3 7. bxc3 e4 8.
Ng1 f5 9. Nh3 Bd6 10. O-O Qf6 11. d4 O-O 12. f3 exf3 13. Rxf3 Qe7 14. Qb3+ Kh8
15. Rf2 Nd8 16. e4 Be6 17. Qc2 fxe4 18. Rxf8+ Qxf8 19. Ng5 Bf5 20. Qf2 Be7 21.
Nxe4 Qf7 22. Be3 Qg6 23. Qf4 Ne6 24. Qe5 c6 25. Rf1 Rf8 26. h3 Kg8 27. Rf2 h5
28. c4 Bb4 29. d5 cxd5 30. cxd5 Nd8 31. Bxa7 b6 32. Kh2 h4 33. gxh4 Bxe4 34.
Rxf8+ Bxf8 35. Bxe4 Qd6 36. Qxd6 Bxd6+ 37. Kg2 b5 38. Kf3 Nf7 39. Bf5 1-0

[Event "MCRE_PF12"]
[Site "?"]
[Date "2003.??.??"]
[Round "?"]
[White "Hlavacek, Ladislav"]
[Black "Kohler, Josef"]
[Result "0-1"]
[WhiteElo "2085"]
[BlackElo "2210"]
[PlyCount "78"]
[EventDate "2003.??.??"]
[EventType "corr"]

1. c4 e5 2. Nc3 Nf6 3. Nf3 Nc6 4. d4 exd4 5. Nxd4 Bb4 6. Nxc6 bxc6 7. Bg5 h6 8.
Bh4 Qe7 9. e3 O-O 10. a3 Bd6 11. Bd3 Be5 12. Qf3 Rb8 13. Ne4 g5 14. Bg3 Bxb2
15. Bxc7 Nxe4 16. Bxb8 Bc3+ 17. Ke2 d5 18. Ra2 Ba6 19. Bg3 f5 20. Rc1 f4 21.
Bxf4 Qg7 22. cxd5 Bxd3+ 23. Kxd3 cxd5 24. Rac2 Bb2 25. Rc8 Bxc1 26. Be5 Qe7 27.
Rxf8+ Qxf8 28. Qxf8+ Kxf8 29. f3 Nc5+ 30. Kd4 Nd7 31. Bd6+ Kf7 32. Kxd5 Bxe3
33. Bb4 Nf6+ 34. Kc4 Ke6 35. Bc3 Nd7 36. Bg7 Ne5+ 37. Kc3 h5 38. Bh6 h4 39. Bg7
Kf5 0-1

[Event "MCRE_PF12"]
[Site "?"]
[Date "2003.??.??"]
[Round "?"]
[White "Hlavacek, Ladislav"]
[Black "Hrubcik, Martin"]
[Result "1-0"]
[WhiteElo "2085"]
[BlackElo "2000"]
[PlyCount "49"]
[EventDate "2003.??.??"]
[EventType "corr"]

1. c4 d6 2. d4 Nf6 3. Nc3 Nbd7 4. Nf3 e5 5. e4 c6 6. Be2 Be7 7. O-O O-O 8. Qc2
Re8 9. Rd1 Qc7 10. Bg5 h6 11. Bh4 g5 12. Bg3 Nh5 13. d5 Nxg3 14. hxg3 Nf6 15.
Rab1 g4 16. Nh4 Bf8 17. b4 Bd7 18. dxc6 bxc6 19. Qd3 a6 20. a4 Red8 21. Rdc1
Qb6 22. a5 Qa7 23. Na4 Be6 24. Nb6 Qb7 25. Nxa8 1-0

[Event "MCRE_PF12"]
[Site "?"]
[Date "2003.??.??"]
[Round "?"]
[White "Hlavacek, Ladislav"]
[Black "Kubikova, Hana"]
[Result "0-1"]
[WhiteElo "2085"]
[BlackElo "2140"]
[PlyCount "84"]
[EventDate "2003.??.??"]
[EventType "corr"]

1. f4 d5 2. Nf3 g6 3. e3 Bg7 4. Be2 Nh6 5. O-O O-O 6. d4 Nd7 7. c4 c6 8. Nc3
Nf6 9. cxd5 cxd5 10. Ne5 Nf5 11. Bd3 Nd6 12. Qf3 Be6 13. Bd2 Rc8 14. Rac1 a6
15. b3 b5 16. a4 Qb6 17. axb5 axb5 18. Qe2 Bf5 19. Bxf5 gxf5 20. Nb1 Qb7 21.
Bb4 Nfe4 22. Bc5 Rc7 23. Bxd6 Nxd6 24. Nd3 Rfc8 25. Nc5 Qb6 26. Nc3 e6 27. Rfd1
b4 28. N3a4 Qb5 29. Qxb5 Nxb5 30. Kf1 h6 31. Rd2 Ra8 32. Rdc2 Rac8 33. h3 Rc6
34. g3 Bf8 35. Ke2 h5 36. Kd3 Nd6 37. Na6 Rxa6 38. Rxc8 Nxc8 39. Rxc8 Kg7 40.
Kc2 Ra5 41. Kd2 Ra6 42. Rc6 Rxc6 0-1

[Event "MCRE_PF12"]
[Site "?"]
[Date "2003.??.??"]
[Round "?"]
[White "Hlavacek, Ladislav"]
[Black "Ksir, Bohumil"]
[Result "0-1"]
[WhiteElo "2085"]
[BlackElo "2145"]
[PlyCount "80"]
[EventDate "2003.??.??"]
[EventType "corr"]

1. e4 c6 2. d4 d5 3. exd5 cxd5 4. Bd3 Nc6 5. c3 Nf6 6. Nf3 Bg4 7. O-O e6 8. Qb3
Bxf3 9. Qxb7 Rc8 10. gxf3 Bd6 11. Bb5 Qc7 12. Qxc7 Rxc7 13. f4 g6 14. Kg2 Ke7
15. Ba6 Rb8 16. Re1 Nh5 17. Kf3 Kf6 18. Bd3 Ne7 19. Kg4 a5 20. a4 Rcc8 21. Na3
Bxa3 22. Rxa3 Ng7 23. Ba6 Rc7 24. f5 exf5+ 25. Kg3 g5 26. h4 f4+ 27. Kf3 h6 28.
hxg5+ hxg5 29. Rh1 Ngf5 30. Bd3 Ng6 31. Kg4 Ngh4 32. Bxf5 Nxf5 33. Rh5 Rg8 34.
Rb3 Re7 35. Rb5 Re1 36. Bd2 Rg1+ 37. Kf3 Kg6 38. Rh2 Re8 39. Rxd5 f6 40. Rxa5
Nd6 0-1

[Event "MCRE_PF12"]
[Site "?"]
[Date "2003.??.??"]
[Round "?"]
[White "Hrubcik, Martin"]
[Black "Ksir, Bohumil"]
[Result "1-0"]
[WhiteElo "2000"]
[BlackElo "2145"]
[PlyCount "57"]
[EventDate "2003.??.??"]
[EventType "corr"]

1. e4 c6 2. d4 d5 3. Nd2 dxe4 4. Nxe4 Nd7 5. Bc4 Ngf6 6. Ng5 e6 7. Qe2 Nb6 8.
Bd3 h6 9. N5f3 c5 10. dxc5 Bxc5 11. Ne5 Nbd7 12. Ngf3 Qc7 13. O-O O-O 14. Re1
b6 15. Bf4 Bd6 16. Nxd7 Bxd7 17. Bxd6 Qxd6 18. Rad1 Qc7 19. Qe5 Qb7 20. Qg3 Bc6
21. Ne5 Rad8 22. f3 b5 23. Kh1 Rd6 24. Nxf7 Rxd3 25. Nxh6+ Kh8 26. Rxd3 gxh6
27. Rxe6 Be8 28. Qe5 Qg7 29. h4 1-0

[Event "MCRE_PF12"]
[Site "?"]
[Date "2003.??.??"]
[Round "?"]
[White "Ksir, Bohumil"]
[Black "Mikoska, Josef"]
[Result "1-0"]
[WhiteElo "2145"]
[BlackElo "2210"]
[PlyCount "57"]
[EventDate "2003.??.??"]
[EventType "corr"]

1. e4 e5 2. Nf3 Nc6 3. d4 exd4 4. Nxd4 Bc5 5. Be3 Qf6 6. c3 Nge7 7. g3 d5 8.
Bg2 Bxd4 9. cxd4 dxe4 10. Nc3 Bf5 11. Nxe4 Qg6 12. Nc3 O-O 13. O-O Rfe8 14. Bf4
Rad8 15. d5 Bc2 16. Qd2 Rd7 17. Rfe1 Nb4 18. Bxc7 Rf8 19. d6 Nec6 20. a3 Na6
21. Nd5 Nxc7 22. dxc7 Bf5 23. Qe2 Be6 24. Rad1 Qg4 25. Qxg4 Bxg4 26. f3 Bf5 27.
Ne3 Rxd1 28. Rxd1 Bc8 29. f4 1-0

[Event "MCRE_PF12"]
[Site "?"]
[Date "2003.??.??"]
[Round "?"]
[White "Hrubcik, Martin"]
[Black "Zatrapa, Petr"]
[Result "0-1"]
[WhiteElo "2000"]
[BlackElo "2280"]
[PlyCount "46"]
[EventDate "2003.??.??"]
[EventType "corr"]

1. e4 e5 2. f4 exf4 3. Nf3 d6 4. Bc4 h6 5. O-O g5 6. c3 Bg7 7. d4 Nc6 8. h4 Nf6
9. hxg5 Nh5 10. gxh6 Rxh6 11. Re1 Bg4 12. Bb5 Bxf3 13. Qxf3 Qh4 14. Rd1 O-O-O
15. Qh3+ Qxh3 16. gxh3 Rg6+ 17. Kf2 Bf6 18. Nd2 Bh4+ 19. Ke2 Ne5 20. dxe5 dxe5
21. Rf1 Rg2+ 22. Kd1 Ng3 23. Kc2 Nxe4 0-1

[Event "MCRE_PF12"]
[Site "?"]
[Date "2003.??.??"]
[Round "?"]
[White "Rotter, Walter"]
[Black "Ksir, Bohumil"]
[Result "1/2-1/2"]
[WhiteElo "2120"]
[BlackElo "2145"]
[PlyCount "62"]
[EventDate "2003.??.??"]
[EventType "corr"]

1. d4 Nf6 2. c4 e6 3. Nf3 c5 4. d5 exd5 5. cxd5 d6 6. e4 a6 7. Bd3 Bg4 8. Nbd2
g6 9. O-O Bg7 10. h3 Bxf3 11. Nxf3 O-O 12. Re1 b5 13. Bf4 c4 14. Bc2 Qc7 15. e5
dxe5 16. d6 Qb6 17. Nxe5 Nbd7 18. Nxd7 Nxd7 19. Be3 Qc6 20. Bd4 Rae8 21. Re7
Bf6 22. Bxf6 Nxf6 23. Qd4 Rxe7 24. dxe7 Re8 25. Re1 Kg7 26. g4 h6 27. a4 Qd5
28. Qc3 Qd6 29. axb5 axb5 30. Qe5 Qxe5 31. Rxe5 Ng8 1/2-1/2

[Event "MCRE_PF12"]
[Site "?"]
[Date "2003.??.??"]
[Round "?"]
[White "Ksir, Bohumil"]
[Black "Hrubcik, Martin"]
[Result "0-1"]
[WhiteElo "2145"]
[BlackElo "2000"]
[PlyCount "78"]
[EventDate "2003.??.??"]
[EventType "corr"]

1. e4 c5 2. Nf3 d6 3. d4 cxd4 4. Nxd4 Nf6 5. f3 Nc6 6. c4 g6 7. Be3 Bd7 8. Nc3
Bg7 9. Qd2 O-O 10. Be2 a5 11. Rd1 a4 12. Ndb5 Qa5 13. Kf2 Ne5 14. Bg5 Rfc8 15.
Bxf6 Bxf6 16. Nd5 Kg7 17. Na3 Be6 18. Qxa5 Rxa5 19. f4 Nd7 20. Rd2 Bxd5 21.
exd5 Nb6 22. Kf3 Rac5 23. g3 g5 24. b3 h5 25. Nb5 Rh8 26. Ke4 Rcc8 27. Bd3 h4
28. Re1 Rcg8 29. b4 hxg3 30. hxg3 Rd8 31. Rc2 gxf4 32. gxf4 e6 33. dxe6 fxe6
34. c5 dxc5 35. bxc5 Nd5 36. Bc4 Rh4 37. Rf2 Nc3+ 38. Nxc3 Bxc3 39. Rb1 Rd4+
0-1

[Event "MCRE_PF12"]
[Site "?"]
[Date "2003.??.??"]
[Round "?"]
[White "Kubikova, Hana"]
[Black "Hrubcik, Martin"]
[Result "1/2-1/2"]
[WhiteElo "2140"]
[BlackElo "2000"]
[PlyCount "60"]
[EventDate "2003.??.??"]
[EventType "corr"]

1. d4 d5 2. Nf3 Nf6 3. c4 c6 4. Nc3 Bf5 5. cxd5 cxd5 6. Qb3 Qb6 7. Nxd5 Nxd5 8.
Qxd5 e6 9. Qb3 Qxb3 10. axb3 Nc6 11. e3 a6 12. Bd2 Bd6 13. Bc4 Be4 14. Ke2 Ke7
15. Bd3 Bxd3+ 16. Kxd3 g5 17. h3 h5 18. Bc3 f6 19. e4 Rad8 20. Rhd1 g4 21. Nh4
Kf7 22. Ke3 Rhe8 23. hxg4 hxg4 24. Rh1 Bb8 25. f4 Ba7 26. Rad1 a5 27. g3 Rh8
28. e5 f5 29. Ke2 Bxd4 30. Rd3 Bc5 1/2-1/2

[Event "MCRE_PF12"]
[Site "?"]
[Date "2003.??.??"]
[Round "?"]
[White "Ksir, Bohumil"]
[Black "Hlavacek, Ladislav"]
[Result "1/2-1/2"]
[WhiteElo "2145"]
[BlackElo "2085"]
[PlyCount "97"]
[EventDate "2003.??.??"]
[EventType "corr"]

1. e4 c5 2. Nf3 Nc6 3. d4 cxd4 4. Nxd4 d5 5. Nxc6 bxc6 6. exd5 Qxd5 7. Nc3
Qxd1+ 8. Nxd1 Nf6 9. Bc4 e5 10. Ne3 Bc5 11. Bd2 Rb8 12. b3 Ne4 13. Rd1 Ke7 14.
Ba5 Rb7 15. Ba6 Rd7 16. Rxd7+ Bxd7 17. Ke2 Bd4 18. Bd3 Nc3+ 19. Kd2 Nd5 20. c3
Bb6 21. Nc4 f6 22. Bxb6 axb6 23. Be4 b5 24. Bxd5 cxd5 25. Nb6 Bc6 26. a4 bxa4
27. bxa4 Rd8 28. a5 Kd6 29. Rb1 Kc5 30. Ke3 Bb5 31. Kd2 h5 32. h4 g5 33. hxg5
fxg5 34. f3 h4 35. Re1 Re8 36. Rb1 Re7 37. Nc8 Rc7 38. Nd6 Bc6 39. Nf5 Ra7 40.
Ra1 Bd7 41. Ne3 Be6 42. Nc2 g4 43. fxg4 Bxg4 44. a6 Bf5 45. Ra5+ Kd6 46. Ne3
Be4 47. Ke2 Kc6 48. c4 Kb6 49. Rb5+ 1/2-1/2

[Event "MCRE_PF12"]
[Site "?"]
[Date "2003.??.??"]
[Round "?"]
[White "Kubikova, Hana"]
[Black "Hlavacek, Ladislav"]
[Result "1-0"]
[WhiteElo "2140"]
[BlackElo "2085"]
[PlyCount "119"]
[EventDate "2003.??.??"]
[EventType "corr"]

1. d4 Nf6 2. c4 e6 3. Nf3 d5 4. Bg5 Be7 5. Nc3 O-O 6. e3 Nc6 7. Rc1 dxc4 8.
Bxc4 Ng4 9. Bxe7 Qxe7 10. O-O Rd8 11. Ne4 a6 12. Qc2 Nb4 13. Qb1 h6 14. Bb3 a5
15. h3 a4 16. Bd1 Nf6 17. Nxf6+ Qxf6 18. Rxc7 Nd5 19. Rc1 b5 20. Ne5 Qg5 21.
Bf3 Bb7 22. Bxd5 Bxd5 23. e4 Bc4 24. Nxc4 bxc4 25. Rxc4 Qf4 26. Qc2 a3 27. b4
Rab8 28. Rb1 Rb5 29. Rb3 Qb8 30. Qc3 Qf4 31. f3 Ra8 32. Rc5 Rb6 33. b5 Kh7 34.
Qd3 Ra7 35. Rbc3 Ra5 36. Kf1 g6 37. Rxa3 Raxb5 38. Rxb5 Rxb5 39. Qxb5 Qc1+ 40.
Kf2 Qxa3 41. Qc4 Kg7 42. d5 exd5 43. exd5 h5 44. h4 Qb2+ 45. Kg3 Qe5+ 46. Kh3
Qf5+ 47. Kh2 Qe5+ 48. f4 Qe7 49. Qd4+ Kg8 50. f5 Qd6+ 51. g3 gxf5 52. Qd3 f4
53. gxf4 Qf6 54. Kh3 Kf8 55. Qa3+ Ke8 56. Kg3 Qd4 57. Qf3 Kd7 58. a4 f5 59. a5
Qg1+ 60. Kh3 1-0

[Event "MCRE_PF12"]
[Site "?"]
[Date "2003.??.??"]
[Round "?"]
[White "Mikoska, Josef"]
[Black "Ksir, Bohumil"]
[Result "0-1"]
[WhiteElo "2210"]
[BlackElo "2145"]
[PlyCount "66"]
[EventDate "2003.??.??"]
[EventType "corr"]

1. e4 c6 2. d4 d5 3. Nc3 dxe4 4. Nxe4 Nd7 5. Nf3 Ngf6 6. Bd3 Nxe4 7. Bxe4 Nf6
8. Bd3 Bg4 9. c3 e6 10. Bg5 Be7 11. h3 Bh5 12. Qb3 Bxf3 13. gxf3 Qc7 14. O-O-O
O-O-O 15. Rhg1 g6 16. Bh6 Qh2 17. Qa4 Kb8 18. Qc2 Qxh3 19. Bf4+ Ka8 20. Be5
Qh6+ 21. Kb1 Rd7 22. Bc4 Qf8 23. f4 h5 24. Rd3 Rh7 25. Rh3 Qd8 26. Ka1 Nd5 27.
f5 exf5 28. Qb3 Bf6 29. Rd3 Rh8 30. Re1 Bxe5 31. dxe5 h4 32. Rdd1 h3 33. Rh1 h2
0-1

[Event "MCRE_PF12"]
[Site "?"]
[Date "2003.??.??"]
[Round "?"]
[White "Rotter, Walter"]
[Black "Kubikova, Hana"]
[Result "0-1"]
[WhiteElo "2120"]
[BlackElo "2140"]
[PlyCount "72"]
[EventDate "2003.??.??"]
[EventType "corr"]

1. d4 Nf6 2. c4 g6 3. Nc3 Bg7 4. e4 d6 5. Bd3 O-O 6. Nge2 Nc6 7. O-O e5 8. d5
Nd4 9. f3 c5 10. Nxd4 exd4 11. Ne2 Nd7 12. f4 Re8 13. Bd2 Nf6 14. Ng3 Ng4 15.
Qf3 Ne3 16. Rfe1 Bg4 17. Qf2 Bd7 18. Nf1 b5 19. b3 bxc4 20. bxc4 f5 21. exf5
Bxf5 22. Bxf5 Nxf5 23. Rab1 Qd7 24. Qf3 Qa4 25. Qb3 Qxb3 26. Rxb3 Rxe1 27. Bxe1
Re8 28. Bf2 Re2 29. Rb8+ Bf8 30. a4 h5 31. h3 h4 32. a5 Rc2 33. Be1 Rxc4 34.
Ra8 d3 35. Rxa7 Bg7 36. Ra8+ Kh7 0-1

[Event "MCRE_PF12"]
[Site "?"]
[Date "2003.??.??"]
[Round "?"]
[White "Kohler, Josef"]
[Black "Rotter, Walter"]
[Result "1-0"]
[WhiteElo "2210"]
[BlackElo "2120"]
[PlyCount "63"]
[EventDate "2003.??.??"]
[EventType "corr"]

1. c4 Nf6 2. Nc3 e6 3. Nf3 c5 4. g3 b6 5. Bg2 Bb7 6. O-O Be7 7. d4 cxd4 8. Qxd4
d6 9. Rd1 a6 10. Ng5 Bxg2 11. Kxg2 Nc6 12. Qf4 O-O 13. b3 Ra7 14. Bb2 Rd7 15.
Nf3 d5 16. cxd5 exd5 17. Rac1 Re8 18. Nb5 Nh5 19. Qg4 Nf6 20. Bxf6 Bxf6 21.
Rxc6 axb5 22. Rxf6 h5 23. Qf5 gxf6 24. Qxh5 Rxe2 25. Qg4+ Kf8 26. Nd4 Re4 27.
Qh5 Kg8 28. Nf5 Ra7 29. f4 Rxa2+ 30. Kf3 Qf8 31. Rxd5 Rae2 32. Qg4+ 1-0

[Event "MCRE_PF12"]
[Site "?"]
[Date "2003.??.??"]
[Round "?"]
[White "Rotter, Walter"]
[Black "Kohler, Josef"]
[Result "0-1"]
[WhiteElo "2120"]
[BlackElo "2210"]
[PlyCount "62"]
[EventDate "2003.??.??"]
[EventType "corr"]

1. d4 Nf6 2. c4 e6 3. Nf3 d5 4. Nc3 c6 5. e3 Nbd7 6. Be2 Bd6 7. Qc2 O-O 8. O-O
dxc4 9. Bxc4 a6 10. Rd1 b5 11. Be2 Qc7 12. Ne4 Nxe4 13. Qxe4 e5 14. Qh4 Re8 15.
Bd3 h6 16. Bc2 exd4 17. exd4 Bb7 18. Rd3 c5 19. d5 Nf6 20. Bxh6 Re4 21. Qg5 Rg4
22. Qc1 gxh6 23. Qxh6 Rg6 24. Qd2 Rd8 25. g3 Bf8 26. Nh4 Bh6 27. Qe2 Rg5 28.
Rf3 Re5 29. Qf1 Bg5 30. Ng2 Rexd5 31. Re1 Qc6 0-1

[Event "MCRE_PF12"]
[Site "?"]
[Date "2003.??.??"]
[Round "?"]
[White "Mikoska, Josef"]
[Black "Kubikova, Hana"]
[Result "1/2-1/2"]
[WhiteElo "2210"]
[BlackElo "2140"]
[PlyCount "88"]
[EventDate "2003.??.??"]
[EventType "corr"]

1. e4 c5 2. Nf3 Nc6 3. d4 cxd4 4. Nxd4 Nf6 5. Nc3 e5 6. Ndb5 d6 7. Bg5 a6 8.
Na3 b5 9. Nd5 Be7 10. Bxf6 Bxf6 11. c3 Ne7 12. Nxf6+ gxf6 13. Nc2 Bb7 14. Bd3
d5 15. exd5 Qxd5 16. Ne3 Qe6 17. a4 Rd8 18. Qc2 e4 19. Be2 O-O 20. axb5 axb5
21. Bxb5 f5 22. Qe2 Qg6 23. g3 Ra8 24. Rc1 Ra2 25. Bc4 Ra7 26. b4 Rfa8 27. Rd1
Qf6 28. Qd2 Ng6 29. f4 exf3 30. O-O Qg5 31. Qd4 f4 32. Nd5 fxg3 33. Nf6+ Kh8
34. Ne4+ Qe5 35. Nxg3 Qxd4+ 36. Rxd4 Ra3 37. Rc1 Ne5 38. Bd5 Bxd5 39. Rxd5 Ng4
40. Rd3 Ra1 41. Rxa1 Rxa1+ 42. Nf1 Ne5 43. Rd5 Nc4 44. Rd3 Ne5 1/2-1/2

[Event "MCRE_PF12"]
[Site "?"]
[Date "2003.??.??"]
[Round "?"]
[White "Mikoska, Josef"]
[Black "Kohler, Josef"]
[Result "1-0"]
[WhiteElo "2210"]
[BlackElo "2210"]
[PlyCount "62"]
[EventDate "2003.??.??"]
[EventType "corr"]

1. e4 c5 2. Nf3 Nc6 3. Bb5 g6 4. Bxc6 dxc6 5. O-O Bg7 6. d3 Nf6 7. Nc3 O-O 8.
h3 b6 9. Bf4 Nh5 10. Bh2 Qd7 11. Qd2 Rd8 12. Rad1 Bh8 13. Ne5 Qe8 14. f4 Ng7
15. Qf2 Be6 16. Qg3 f6 17. Ng4 f5 18. Ne5 fxe4 19. Nxe4 a5 20. a3 Nf5 21. Qe1
Bd5 22. g4 Bxe5 23. fxe5 Ng7 24. e6 Nxe6 25. Nd2 Ng7 26. Bc7 Rd7 27. Bxb6 Qb8
28. Bxc5 Qxb2 29. c4 Bf7 30. Qf2 Rf8 31. Nf3 Qb3 1-0

[Event "MCRE_PF12"]
[Site "?"]
[Date "2003.??.??"]
[Round "?"]
[White "Hrubcik, Martin"]
[Black "Hlavacek, Ladislav"]
[Result "1-0"]
[WhiteElo "2000"]
[BlackElo "2085"]
[PlyCount "73"]
[EventDate "2003.??.??"]
[EventType "corr"]

1. e4 c5 2. f4 Nf6 3. d3 Nc6 4. Nf3 d5 5. e5 Nd7 6. Be2 Nb6 7. O-O Bf5 8. Nh4
Bd7 9. a4 d4 10. a5 Nd5 11. a6 b5 12. Bf3 e6 13. Nf5 Rb8 14. Ng3 Rb6 15. Be4
Ncb4 16. c3 dxc3 17. bxc3 Rxa6 18. Rxa6 Nxa6 19. f5 Nac7 20. Qf3 Bc8 21. Na3 a6
22. c4 Nb4 23. Nc2 Qe7 24. Nxb4 cxb4 25. cxb5 Nxb5 26. fxe6 Bxe6 27. Bc6+ Bd7
28. Bg5 f6 29. Bxd7+ Qxd7 30. exf6 Bc5+ 31. Be3 Bxe3+ 32. Qxe3+ Kd8 33. Qb6+
Qc7 34. Qxa6 Qc5+ 35. d4 Qxd4+ 36. Kh1 Nc7 37. Qb7 1-0